000 00903cam a2200253 a 4500
001 000005937
005 20200929151841.0
008 801217s1980 sp 001 p spa d
020 _a840004620X
040 _aDO-SdBNP
_cDLC
_dDLC
082 _a861.64
_bC355m
100 1 _aCastrillo, Fernando.
_916732
245 1 0 _aMás allá del barro /
_cFernando Castrillo.
260 _aZaragoza, España :
_bInstitución "Fernando el Católico",
_c1980.
300 _a47 p. ;
_c25 cm.
490 1 _a"San Jorge"
_vvol. 23
490 1 _aPublicación de la Institución "Fernando el Católico"
_vno. 759
586 _aPremio "San Jorge", 1980.
650 4 _aPoesía española
_9631
650 4 _aLiteratura española
_ySIGLO XXI
_94846
830 0 _a"San Jorge" ;
_vvol. 23.
_914363
830 0 _aPublicación de la Institución "Fernando el Católico" ;
_vno. 759.
_913716
910 _aCatalogación por copia / LC
999 _c5733
_d5733